1698 1054 1075 1289 1189 1167 1070 1384 1133 1987 1791 1334 1829 1996 1586 1351 1214 1803 1409 1294 1566 1470 1200 1337 1995 1203 1861 1373 1909 1184 1644 1778 1940 1147 1673 1947 1904 1876 1271 1438 1535 1051 1178 1086 1794 1581 1805 1296 1939 1093 1886 1851 1457 1893 1938 1995 1972 1870 1470 1237 1226 1702 1175 1776 1441 1726 1910 1115 1301 1095 1338 1713 1135 1460 1538 1870 1514 1797 1568 1804 1441 1335 1104 1718 1459 1645 1902 1107 1940 1643 1265 1243 1082 1469 1612 1659 1802 1404 1446 BCNSPRNW ULIB Ver.6.0+V

เปลี่ยนเป็นภาษาไทย

Change to English
 แสดงรายละเอียดบรรณานุกรม
  กลับหน้าหลัก

Brief Record : Get Marc (ISO 2709) : E-mail record : QR code < ปิดหน้าต่าง
LEADER : 00000nam 2200000uu 4500
001    13399121050
003     ULIB
008    020711s2544 th a 000 0 tha d
020    9742940908
050  4 HD68^bส691ค
110    กระทรวงสาธารณสุข.^bสำนักงานปลัดกระทรวงสาธารณสุข^bสถาบันพระบรมราชชนก
245    ความสามารถพื้นฐานทางด้านการบริหาร /^cสถาบันพระบรมราชชนก
250    พิมพ์ครั้งที่ 1
260    นนทบุรี :^bสถาบันพระบรมราชชนก,^c2544
300    177 หน้า
650    การบริหาร
945    ^p0^l0^i14436
999    ^aทศพร เกษรทอง
รายการนี้ยังไม่มีแท็ก
คุณยังไม่ได้ล็อกอิน คุณสามารถมีกิจกรรมร่วมกับเว็บไซต์ได้ แต่ต้องล็อกอินก่อน ::
  ล็อกอิน

รายการสื่อสารสนเทศ

ลำดับที่ ประเภท เลขเรียก/บาร์โค้ด สถานที่ สถานะ
1. วิทยาศาสตร์การแพทย์ และสุขภาพ
วิทยาศาสตร์การแพทย์ และสุขภาพ
HD68 ส691ค ฉ.1 
  Barcode: 14436
ห้องสมุดวิทยาเขตสวรรค์ประชารักษ์
►หนังสือทั่วไป
บนชั้น

รายการใกล้เคียง
    หัวเรื่อง [การบริหาร]

BibComment


ยังไม่เคยถูกคอมเมนท์

คอมเมนท์ทรัพยากรรายการนี้
  คอมเมนท์: ความสามารถพื้นฐาน..


 Copyright 2026. Bcnsprnw @Library